| 000 | 00420pab a2200169 454500 | ||
|---|---|---|---|
| 008 | 180718b2012 xxu||||| |||| 00| 0 eng d | ||
| 100 | _aJackson, Cecile | ||
| 245 | _aIntroduction: Marriage, gender relations and social change | ||
| 260 | _c2012 | ||
| 300 | _ap.1-9. | ||
| 362 | _aJan | ||
| 650 | _aSocial change | ||
| 650 | _aMarriage | ||
| 773 | _aJournal of Development Studies | ||
| 908 | _aN | ||
| 909 | _a96181 | ||
| 999 |
_c96181 _d96181 |
||